000 00209nam a22000857a 4500
001 1236336
005 20251001161952.0
245 _aARDANIN DERDİ NE
_cNECATİ TOSUNER
260 _bGÜNIŞIĞI KİTAPLIĞI YAYINLARI
999 _c1236336
_d1236336